000
002870000a22001090004500
100
1
_a
Murnyak, Dennis
245
1
0
_a
El papel de los motivadores voluntarios en el desarrollo
300
_a
Núm 43 (2000), Páginas 2-5
700
1
_a
Murnyak, Meredith
773
0
_t
Paso a paso
942
_c
ANA
999
_c
52528
_d
52528